000 00884 a2200193 4500
999 _c9451
_d9451
020 _a1868882454
050 _aKSY1749 CON 2002
100 _aHinz, Manfred O.
_eeditor
245 _aThe constitution at work :
_b ten years of Namibian nationhood ; proceedings of the conference Ten Years of Namibian Nationhood, 11-13 September 2000, Windhoek, Namibia /
_cManfred O. Hinz, Sam K. Amoo & Dawid van Wyk
264 _aWindhoek :
_bUniversity of Namibia Press ;
_c2002.
300 _a393p. :
500 _aproceedings of the conference Ten Years of Namibian Nationhood, 11-13 September 2000, Windhoek, Namibia
650 _aNationalism -- Namibia -- Congresses
650 _aHuman rights -- Namibia -- Congresses
650 _aConstitutional history -- Namibia -- Congresses
700 _aAmoo, Sam K.
_eeditor
700 _aVan Wyk, Dawid
_eeditor
942 _2lcc
_cBK
_h1750
_iCON
_kKYS